000 01275caa a2200253 ib4500
003 SA-RiAUC
005 20250611091649.0
008 250605s1995 su a f 000r0 ara c
020 _z9960656095
040 _aSA-JuJU
_bara
_cSA-RiAUC
_erda
043 _aa-su---
082 0 4 _a953.124
090 _a953.124
_b ا ث ا
245 0 2 _aالآثار الإسلامية في محافظة الطائف من خلال كتابات المؤرخين والرحالة /
_cجمع وتوثيق ناصر بن علي الحارثي.
300 _aمجلد :
_bإيضاحيات ؛
_c24 سم
336 _aنص
_btxt
_2rdacontent
_3كتاب
337 _aبدون وسيط
_bn
_2rdamedia
338 _aمجلد
_bnc
_2rdacarrier
580 _aفي : موسوعة الآثار الإسلامية في محافظة الطائف. -ط. 1. -الطائف، السعودية : لجنة المطبوعات في التنشيط السياحي، 1995. -مج. 3. -(إصدارات لجنة المطبوعات في التنشيط السياحي)
651 7 _aالطائف (السعودية)
_xآثار إسلامية
_2aucsh
700 1 _aالحارثي، ناصر بن علي بن عيضة،
_d1381-1430 هجري
_eجامع.
942 _2ddc
_cBOOK
_n0
949 _aSA-JeALM
_d250605
_umohamedma123
_n1
999 _c8825
_d8825